| 000 | 00874npm a2200265 i 4500 | ||
|---|---|---|---|
| 001 | 5186 | ||
| 003 | ES-MaACL | ||
| 005 | 20230908135306.0 | ||
| 007 | hzrazu bucu | ||
| 008 | 900420r19901904xxk a 001 0 eng d | ||
| 080 | _a491.6(05)(414.4) | ||
| 080 | _a891.6(05)(414.4) | ||
| 080 | _a4(05)(414.4) | ||
| 080 | _a8(05)(414.4) | ||
| 080 | _a05(411) | ||
| 245 | 0 | 4 |
_aThe Celtic review [ _hMicroforma]. |
| 260 |
_aMadrid : _bAteneo Cientifico, Literario y Artistico, _c1990. |
||
| 300 |
_a2 carretes microfilme : _bnegativo ; _c16 mm. |
||
| 500 | _aPublicado originalmente: Edinburgh, Norman Macleod, 1904-1916, periodicidad trimestral. | ||
| 505 | 8 | _acarrete n. 1: 1904 (jul.) a 1910 -- Carrete n. 2: 1911 a 1916 | |
| 852 |
_aES-MaACL _jMC-401-402 _95303 _cDEPO1 |
||
| 942 |
_2udc _cMICROFORMA |
||
| 999 |
_c5186 _d5186 |
||